000 00210nam a22000977a 4500
008 230929b |||||||| |||| 00| 0 eng d
100 _aAjmer Rode
_94878
245 _aKamagata Maru
300 _a120
942 _cBK
999 _c27769
_d27769